000 00595nam a22002297a 4500
001 30980
003 UA-OsUOA
005 20210917180329.0
007 ta
008 20041119b un ||||| |||| 00| 0 ukr d
040 _aUA-OsUOA
_brus
_cUA-OsUOA
_dUA-OsUOA
041 _arus
044 _aRU
080 _a930.25
090 _a930.25
_bИ90
245 _aИсторический архив
_cред. Б. Д. Греков
260 _aМосква
_bИздательство Академии наук СССР
_c1936
300 _a340 с.
650 7 _2UDC
942 _cBK
_2udc
955 _a0
999 _c317401
_d317401